[Event "LSS No Engine Cup 198 Final"]
[Site "LSS email"]
[Date "2020.10.20"]
[Round "?"]
[White "Casser, Aaron"]
[Black "Mostowik, Pawel"]
[Result "0-1"]
[WhiteElo "1887"]
[BlackElo "2178"]
[PlyCount "42"]
[EventDate "2020.10.20"]
[EventType "tourn (corr)"]
[EventRounds "6"]
[EventCountry "GER"]
[SourceTitle "Corr 2022"]
[Source "ChessBase"]
[SourceDate "2021.10.24"]
[SourceVersion "1"]
[SourceVersionDate "2021.10.24"]
[SourceQuality "1"]

1. e4 c5 2. Nf3 Nc6 3. d4 cxd4 4. Nxd4 e5 5. Nb5 Nf6 6. Bg5 Be7 7. Bxf6 Bxf6 8. Nd6+ Ke7 9. Nc3 Nd4 10. Nd5+ Kxd6 11. c3 Ne6 12. Qa4 Nc5 13. Qc2 b6 14. b4 Ne6 15. Qd3 Bg5 16. h4 Bh6 17. Rd1 Kc6 18. g4 Bf4 19. Nxf4 Nxf4 20. Qd6+ Kb7 21. Qxe5 Qc7 0-1

[Event "LSS No Engine Cup 198 Final"]
[Site "LSS email"]
[Date "2020.10.20"]
[Round "?"]
[White "Schleef, Harald"]
[Black "Casser, Aaron"]
[Result "1-0"]
[WhiteElo "2278"]
[BlackElo "1887"]
[PlyCount "67"]
[EventDate "2020.10.20"]
[EventType "tourn (corr)"]
[EventRounds "6"]
[EventCountry "GER"]
[SourceTitle "Corr 2022"]
[Source "ChessBase"]
[SourceDate "2021.10.24"]
[SourceVersion "1"]
[SourceVersionDate "2021.10.24"]
[SourceQuality "1"]

1. d4 Nf6 2. Nf3 g6 3. c4 Bg7 4. Nc3 d5 5. Bg5 c6 6. e3 0-0 7. Bd3 dxc4 8. Bxc4 Nbd7 9. 0-0 Nb6 10. Bd3 h6 11. Bh4 Be6 12. Rc1 Nbd5 13. Na4 Nb4 14. Nc5 Qc8 15. Nxe6 Qxe6 16. Bc4 Nbd5 17. a3 Rac8 18. Re1 Ne4 19. Qc2 Nd6 20. e4 Nxc4 21. exd5 Qxd5 22. Qxc4 Qxc4 23. Rxc4 g5 24. Bg3 e6 25. Ra4 a6 26. Bd6 Rfd8 27. Bc5 Rd5 28. Rb4 Rc7 29. h3 Bf8 30. Re5 Bxc5 31. dxc5 Kg7 32. Rxd5 exd5 33. Nd4 Kg6 34. Nb3 1-0

[Event "SD-2020-0-00309"]
[Site "LSS email"]
[Date "2020.04.12"]
[Round "?"]
[White "D'Emilia, Jack"]
[Black "Casser, Aaron"]
[Result "1-0"]
[WhiteElo "1364"]
[BlackElo "1506"]
[PlyCount "71"]
[EventDate "2019.11.12"]
[EventType "tourn (corr)"]
[EventRounds "6"]
[EventCountry "GER"]
[SourceTitle "Corr 2022"]
[Source "ChessBase"]
[SourceDate "2021.10.24"]
[SourceVersion "1"]
[SourceVersionDate "2021.10.24"]
[SourceQuality "1"]

1. e4 e6 2. d4 d5 3. exd5 exd5 4. Nf3 Bd6 5. Bd3 Ne7 6. 0-0 0-0 7. a3 Re8 8. Ng5 g6 9. c4 c6 10. Re1 Bf5 11. Nc3 Bxd3 12. Qxd3 Nd7 13. Bd2 h6 14. Nf3 dxc4 15. Qxc4 Nb6 16. Qb3 Kg7 17. Rac1 Nf5 18. Rxe8 Qxe8 19. g4 Ne7 20. Ne4 Bc7 21. Nf6 Qf8 22. Ne5 Bxe5 23. dxe5 Ng8 24. Qh3 Qd8 25. Rd1 Nd5 26. Nxd5 cxd5 27. Bc3 Rc8 28. Qf3 Qe7 29. Rxd5 Kh7 30. h3 b6 31. Qd3 Rc7 32. Qd4 a5 33. Rd6 h5 34. e6 f6 35. Rd7 Rxd7 36. exd7 1-0

[Event "SD-2020-0-00309"]
[Site "LSS email"]
[Date "2020.04.12"]
[Round "?"]
[White "Glowinski, Daniel"]
[Black "Casser, Aaron"]
[Result "1/2-1/2"]
[WhiteElo "1506"]
[BlackElo "1506"]
[PlyCount "79"]
[EventDate "2019.11.12"]
[EventType "tourn (corr)"]
[EventRounds "6"]
[EventCountry "GER"]
[SourceTitle "Corr 2022"]
[Source "ChessBase"]
[SourceDate "2021.10.24"]
[SourceVersion "1"]
[SourceVersionDate "2021.10.24"]
[SourceQuality "1"]

1. e4 e6 2. d4 d5 3. Nc3 Nf6 4. Bg5 Be7 5. e5 Nfd7 6. Bxe7 Qxe7 7. Qg4 f6 8. Qh5+ g6 9. exf6 Nxf6 10. Qh6 c5 11. 0-0-0 cxd4 12. Rxd4 Nc6 13. Bb5 a6 14. Bxc6+ bxc6 15. Nf3 c5 16. Rf4 d4 17. Ne4 Nxe4 18. Rxe4 Bb7 19. Rf4 Bd5 20. Re1 0-0-0 21. Ne5 Rhf8 22. f3 Rf5 23. Rxf5 exf5 24. Qd2 Qc7 25. b3 Re8 26. f4 g5 27. Qd3 Qa5 28. Qxf5+ Be6 29. Qe4 Bd5 30. Qe2 gxf4 31. Kb1 d3 32. cxd3 Qc3 33. Qg4+ Be6 34. Qd1 Bf5 35. Qc1 Qd4 36. Qb2 Rxe5 37. Rxe5 Bxd3+ 38. Kc1 Qg1+ 39. Kd2 Qf2+ 40. Kc1 1/2-1/2

[Event "LSS No Engine Cup 198 Preliminary 0"]
[Site "LSS email"]
[Date "2020.02.02"]
[Round "?"]
[White "Recio Chicharro, Luis"]
[Black "Casser, Aaron"]
[Result "0-1"]
[WhiteElo "1508"]
[BlackElo "1749"]
[PlyCount "90"]
[EventDate "2020.02.02"]
[EventType "tourn (corr)"]
[EventRounds "6"]
[EventCountry "GER"]
[SourceTitle "Corr 2022"]
[Source "ChessBase"]
[SourceDate "2021.10.24"]
[SourceVersion "1"]
[SourceVersionDate "2021.10.24"]
[SourceQuality "1"]

1. e4 e6 2. d4 d5 3. e5 c5 4. c3 Nc6 5. f4 Qb6 6. Nf3 Bd7 7. Qb3 Qxb3 8. axb3 cxd4 9. cxd4 Nh6 10. Bd2 Nf5 11. Bc3 Ne3 12. Bd3 Nxg2+ 13. Kf2 Nxf4 14. Be2 Nxe2 15. Kxe2 Rc8 16. Na3 a6 17. Nc2 g6 18. Kd2 Bg7 19. h4 h5 20. Raf1 0-0 21. b4 Ne7 22. Ne3 Bb5 23. Rf2 Rc7 24. Ng5 Nc6 25. Rf4 Rfc8 26. Rh2 Nd8 27. Nc2 Be8 28. Ne1 b6 29. Rhf2 Bh6 30. Kd1 Bf8 31. R4f3 Rc4 32. Ng2 Bxb4 33. Bxb4 Rxb4 34. Rd3 Ba4+ 35. Ke1 Rc1+ 36. Kd2 Rc2+ 37. Ke3 Rbxb2 38. Rxc2 Rxc2 39. Nf4 Nc6 40. Nf3 Bb5 41. Rd2 Rxd2 42. Kxd2 a5 43. Kc3 Bc4 44. Nd2 b5 45. Nxc4 dxc4 0-1

[Event "SD-2019-0-00303"]
[Site "LSS email"]
[Date "2019.08.23"]
[Round "?"]
[White "Casser, Aaron"]
[Black "Voudouris, Nick"]
[Result "0-1"]
[WhiteElo "1510"]
[BlackElo "1574"]
[PlyCount "66"]
[EventDate "2019.02.25"]
[EventType "tourn (corr)"]
[EventRounds "6"]
[EventCountry "GER"]
[SourceTitle "Corr 2022"]
[Source "ChessBase"]
[SourceDate "2021.10.24"]
[SourceVersion "1"]
[SourceVersionDate "2021.10.24"]
[SourceQuality "1"]

1. e4 c5 2. Nf3 f5 3. exf5 Nc6 4. d4 d5 5. dxc5 Bxf5 6. Nd4 Qd7 7. c3 Bg6 8. Bf4 e5 9. Nxc6 bxc6 10. Bxe5 Bxc5 11. Qe2 Kf7 12. Nd2 Nf6 13. h3 Rae8 14. f4 Nh5 15. Qf3 Rhf8 16. Nb3 Bb6 17. Kd2 Kg8 18. Re1 Rxe5 19. Rxe5 Rxf4 20. Qd1 Ng3 21. Bd3 Qd6 22. Bxg6 Rf2+ 23. Kc1 Qxe5 24. Bxh7+ Kxh7 25. Re1 Qf5 26. Na1 d4 27. Qg4 Ne2+ 28. Rxe2 Qxg4 29. hxg4 Rxe2 30. Nb3 d3 31. a4 Be3+ 32. Kb1 Rxg2 33. a5 Rxg4 0-1

[Event "SE-2019-0-00289"]
[Site "LSS email"]
[Date "2019.01.03"]
[Round "?"]
[White "Lonyuk, Bohdan"]
[Black "Casser, Aaron"]
[Result "0-1"]
[WhiteElo "1308"]
[BlackElo "1531"]
[PlyCount "68"]
[EventDate "2018.10.15"]
[EventType "tourn (corr)"]
[EventRounds "6"]
[EventCountry "GER"]
[SourceTitle "Corr 2022"]
[Source "ChessBase"]
[SourceDate "2021.10.24"]
[SourceVersion "1"]
[SourceVersionDate "2021.10.24"]
[SourceQuality "1"]

1. e4 e6 2. d4 d5 3. Nc3 Nf6 4. Bg5 Be7 5. e5 Nfd7 6. Bxe7 Qxe7 7. f4 a6 8. Nf3 b5 9. Bd3 c5 10. dxc5 Nxc5 11. 0-0 Nbd7 12. a3 Nxd3 13. cxd3 Bb7 14. Rc1 0-0 15. d4 Rac8 16. Qd3 f5 17. exf6 Nxf6 18. Ng5 h6 19. Nf3 b4 20. axb4 Qxb4 21. Rb1 Ne4 22. Ne5 Ba8 23. Nxe4 dxe4 24. Qxa6 Qxd4+ 25. Kh1 Bd5 26. Ng6 Ra8 27. Qd6 e3 28. Rfd1 Bxg2+ 29. Kxg2 Qe4+ 30. Kh3 Qf5+ 31. Kg3 Qxg6+ 32. Kf3 Ra4 33. b4 Ra3 34. b5 Qh5+ 0-1

[Event "RE-2018-0-00201"]
[Site "LSS email"]
[Date "2018.08.17"]
[Round "?"]
[White "Cabrera Trujillo, Claudio Tomas"]
[Black "Casser, Aaron"]
[Result "1/2-1/2"]
[WhiteElo "1454"]
[BlackElo "1508"]
[PlyCount "83"]
[EventDate "2018.03.21"]
[EventType "tourn (corr)"]
[EventRounds "6"]
[EventCountry "GER"]
[SourceTitle "Corr 2022"]
[Source "ChessBase"]
[SourceDate "2021.10.24"]
[SourceVersion "1"]
[SourceVersionDate "2021.10.24"]
[SourceQuality "1"]

1. c4 Nf6 2. d4 g6 3. Nc3 d5 4. Bg5 Ne4 5. cxd5 Nxc3 6. bxc3 Qxd5 7. Nf3 c5 8. g3 Bg7 9. Bg2 Nc6 10. Be3 cxd4 11. cxd4 Bf5 12. 0-0 Be4 13. Qa4 0-0 14. Rfd1 b5 15. Qa3 a5 16. Rac1 Rfd8 17. Rc5 b4 18. Qa4 Qd7 19. Qb3 a4 20. Qc4 Bd5 21. Rxd5 Qxd5 22. Qxd5 Rxd5 23. Ne5 Rxe5 24. dxe5 Rd8 25. Rd2 Rxd2 26. Bxd2 Nxe5 27. Bxb4 Kf8 28. Bd5 h5 29. f4 Nd7 30. Bc6 Bd4+ 31. Kg2 Nb6 32. Kf3 f5 33. e4 fxe4+ 34. Kxe4 Bg1 35. h3 Kf7 36. Ba5 Ke6 37. Bxb6 Bxb6 38. Bxa4 Kf6 39. Be8 Bf2 40. Kf3 Be1 41. a4 Bb4 42. Ke2 1/2-1/2

[Event "SD-2018-0-00287"]
[Site "LSS email"]
[Date "2018.03.25"]
[Round "?"]
[White "Casser, Aaron"]
[Black "Sofia, Gerardo"]
[Result "0-1"]
[WhiteElo "1468"]
[BlackElo "1481"]
[PlyCount "90"]
[EventDate "2017.12.05"]
[EventType "tourn (corr)"]
[EventRounds "6"]
[EventCountry "GER"]
[SourceTitle "Corr 2022"]
[Source "ChessBase"]
[SourceDate "2021.10.24"]
[SourceVersion "1"]
[SourceVersionDate "2021.10.24"]
[SourceQuality "1"]

1. e4 e6 2. d4 d5 3. e5 Ne7 4. Nf3 b6 5. c3 Qd7 6. Bd3 c5 7. Qe2 cxd4 8. cxd4 Nbc6 9. 0-0 Nf5 10. Bxf5 exf5 11. Nc3 Bb4 12. Bd2 a5 13. Rfc1 Ba6 14. Qd1 0-0 15. a3 Be7 16. Bf4 h6 17. h3 g5 18. Na4 gxf4 19. Nxb6 Qe6 20. Nxa8 Rxa8 21. Qd2 Kh8 22. Rc3 a4 23. Qxf4 Bc4 24. Rd1 Na5 25. Rd2 Rb8 26. g3 Nb3 27. Rdc2 Kh7 28. Kh2 Bb5 29. Nh4 Bg5 30. Qxf5+ Qxf5 31. Nxf5 Bd7 32. Nd6 Nxd4 33. b4 Nxc2 34. Rxc2 Be6 35. f4 Be7 36. Rc6 d4 37. g4 Bh4 38. f5 Bd5 39. Rc7 Kg8 40. Kg1 Rd8 41. Kf1 d3 42. Rc3 d2 43. Ke2 Bg5 44. h4 Bf4 45. Rd3 Bc4 0-1

[Event "RE-2018-0-00196"]
[Site "LSS email"]
[Date "2018.02.09"]
[Round "?"]
[White "Casser, Aaron"]
[Black "Koepcke, Klaus Peter"]
[Result "1-0"]
[WhiteElo "1475"]
[BlackElo "1441"]
[PlyCount "71"]
[EventDate "2017.09.15"]
[EventType "tourn (corr)"]
[EventRounds "6"]
[EventCountry "GER"]
[SourceTitle "Corr 2022"]
[Source "ChessBase"]
[SourceDate "2021.10.24"]
[SourceVersion "1"]
[SourceVersionDate "2021.10.24"]
[SourceQuality "1"]

1. e4 c5 2. Nf3 d6 3. d4 cxd4 4. Nxd4 Nf6 5. Nc3 a6 6. Bc4 e6 7. Bb3 Be7 8. Be3 Nc6 9. 0-0 0-0 10. f4 Nxd4 11. Bxd4 b5 12. Qd3 Bb7 13. Rae1 Qc7 14. a3 Rac8 15. Qg3 Ne8 16. f5 e5 17. Be3 Bf6 18. Bd5 Kh8 19. Rf2 Bxd5 20. Nxd5 Qb7 21. Rd1 Rc4 22. b3 Rxe4 23. Qf3 Rh4 24. g3 e4 25. Qe2 Rh3 26. Qg4 Rh6 27. Qxe4 Be5 28. Bxh6 gxh6 29. Qh4 f6 30. Qxh6 Rg8 31. Nf4 Bxf4 32. Qxf4 Qb6 33. Qd4 Qc6 34. Re1 h5 35. Re6 Rg4 36. Qe3 1-0

[Event "RE-2018-0-00196"]
[Site "LSS email"]
[Date "2018.02.09"]
[Round "?"]
[White "Shim Ng Min, Francis"]
[Black "Casser, Aaron"]
[Result "0-1"]
[WhiteElo "1188"]
[BlackElo "1475"]
[PlyCount "36"]
[EventDate "2017.09.15"]
[EventType "tourn (corr)"]
[EventRounds "6"]
[EventCountry "GER"]
[SourceTitle "Corr 2022"]
[Source "ChessBase"]
[SourceDate "2021.10.24"]
[SourceVersion "1"]
[SourceVersionDate "2021.10.24"]
[SourceQuality "1"]

1. e4 e6 2. d4 d5 3. Nd2 dxe4 4. Nxe4 Nd7 5. Nf3 Ngf6 6. Bd3 Nxe4 7. Bxe4 Nf6 8. Bd3 b6 9. Bg5 Bb7 10. c3 Be7 11. 0-0 0-0 12. Ne5 c5 13. dxc5 Bxc5 14. Qc2 h6 15. Bh4 Qd5 16. Nf3 Qh5 17. Bxf6 Bxf3 18. gxf3 Bd6 0-1

[Event "SE-2017-0-00264"]
[Site "LSS email"]
[Date "2017.11.19"]
[Round "?"]
[White "Casser, Aaron"]
[Black "Shim Ng Min, Francis"]
[Result "1-0"]
[WhiteElo "1488"]
[BlackElo "1230"]
[PlyCount "41"]
[EventDate "2017.10.14"]
[EventType "tourn (corr)"]
[EventRounds "6"]
[EventCountry "GER"]
[SourceTitle "Corr 2022"]
[Source "ChessBase"]
[SourceDate "2021.10.24"]
[SourceVersion "1"]
[SourceVersionDate "2021.10.24"]
[SourceQuality "1"]

1. e4 c5 2. Nf3 d6 3. d4 cxd4 4. Nxd4 Nf6 5. Nc3 a6 6. Bc4 e6 7. Bb3 Be7 8. Be3 0-0 9. Qe2 Qc7 10. 0-0-0 Nc6 11. g4 Nxd4 12. Rxd4 b5 13. g5 Nd7 14. Rg1 Nc5 15. e5 dxe5 16. Rh4 Nxb3+ 17. axb3 g6 18. Qf3 Bb7 19. Qh3 h5 20. Rxh5 gxh5 21. Qxh5 1-0

[Event "SE-2017-0-00264"]
[Site "LSS email"]
[Date "2017.11.19"]
[Round "?"]
[White "Koepcke, Klaus Peter"]
[Black "Casser, Aaron"]
[Result "0-1"]
[WhiteElo "1419"]
[BlackElo "1488"]
[PlyCount "92"]
[EventDate "2017.10.14"]
[EventType "tourn (corr)"]
[EventRounds "6"]
[EventCountry "GER"]
[SourceTitle "Corr 2022"]
[Source "ChessBase"]
[SourceDate "2021.10.24"]
[SourceVersion "1"]
[SourceVersionDate "2021.10.24"]
[SourceQuality "1"]

1. d4 Nf6 2. c4 g6 3. Nc3 d5 4. cxd5 Nxd5 5. e4 Nxc3 6. bxc3 Bg7 7. Be3 c5 8. Qd2 Qa5 9. Rc1 0-0 10. Nf3 Bg4 11. d5 Bxf3 12. gxf3 c4 13. Bxc4 Rc8 14. Qe2 Bxc3+ 15. Kf1 Nd7 16. Kg2 Bg7 17. Bb3 a6 18. f4 Nf6 19. Qd3 Qb4 20. e5 Nh5 21. Qd2 Qxd2 22. Bxd2 Kf8 23. Kf3 f6 24. e6 f5 25. Rxc8+ Rxc8 26. Rc1 Rxc1 27. Bxc1 b5 28. Bd2 Bd4 29. Bb4 Nf6 30. Ba5 Ng4 31. Bc7 Bc5 32. h3 Nxf2 33. d6 exd6 34. Bd8 Ke8 35. e7 Ne4 36. Bd5 Nf6 37. Bb7 b4 38. Bxa6 d5 39. Bb5+ Kf7 40. e8Q+ Nxe8 41. Bc6 d4 42. Bd5+ Kg7 43. Bc6 Nd6 44. Be7 Ne4 45. Bd8 Nc3 46. Bc7 d3 0-1

[Event "CP-2017-P-00016"]
[Site "LSS email"]
[Date "2017.09.27"]
[Round "?"]
[White "Maur, Rainer"]
[Black "Casser, Aaron"]
[Result "1-0"]
[WhiteElo "2235"]
[BlackElo "1485"]
[PlyCount "77"]
[EventDate "2017.10.01"]
[EventType "tourn (corr)"]
[EventRounds "6"]
[EventCountry "GER"]
[SourceTitle "Corr 2022"]
[Source "ChessBase"]
[SourceDate "2021.10.24"]
[SourceVersion "1"]
[SourceVersionDate "2021.10.24"]
[SourceQuality "1"]

1. d4 Nf6 2. c4 g6 3. Nc3 d5 4. Nf3 Bg7 5. Qb3 dxc4 6. Qxc4 0-0 7. e4 Bg4 8. Be3 Nfd7 9. Qb3 c5 10. d5 Na6 11. Be2 Qb6 12. h3 Qxb3 13. axb3 Bxf3 14. gxf3 Nb4 15. 0-0-0 Rfd8 16. f4 b6 17. h4 h5 18. f5 Kh7 19. Rhg1 Rac8 20. Kb1 Nf6 21. fxg6+ fxg6 22. Rg3 Rg8 23. Bg5 Rcd8 24. Bc4 Rge8 25. e5 Ng4 26. f4 Nh6 27. Ne4 Nf5 28. Rgg1 Rb8 29. d6 exd6 30. Nxd6 Nxd6 31. Rxd6 Rb7 32. Bb5 Rg8 33. e6 a6 34. Bd7 Bf8 35. e7 Bxe7 36. Bxe7 Rg7 37. Re1 Rf7 38. f5 gxf5 39. Ree6 1-0

[Event "SE-2017-0-00254"]
[Site "LSS email"]
[Date "2017.07.30"]
[Round "?"]
[White "Casser, Aaron"]
[Black "Wilshusen, Horst"]
[Result "1-0"]
[WhiteElo "1464"]
[BlackElo "1264"]
[PlyCount "63"]
[EventDate "2017.05.16"]
[EventType "tourn (corr)"]
[EventRounds "6"]
[EventCountry "GER"]
[SourceTitle "Corr 2022"]
[Source "ChessBase"]
[SourceDate "2021.10.24"]
[SourceVersion "1"]
[SourceVersionDate "2021.10.24"]
[SourceQuality "1"]

1. e4 e5 2. Nf3 Nc6 3. Bc4 Bc5 4. d3 Nf6 5. Be3 Bb6 6. c3 d5 7. exd5 Nxd5 8. Bxb6 axb6 9. 0-0 0-0 10. Nbd2 f6 11. Bb3 Kh8 12. d4 Bg4 13. h3 Bh5 14. dxe5 Nxe5 15. Bc2 Nf4 16. Re1 Qc8 17. Re3 Rd8 18. Qb1 Nxf3+ 19. Nxf3 Ra5 20. c4 Re8 21. b4 Rxe3 22. fxe3 Nxh3+ 23. Kh2 Bxf3 24. bxa5 Ng5 25. Bf5 Qd8 26. gxf3 g6 27. Be4 Qd2+ 28. Kh1 Qxe3 29. axb6 cxb6 30. Qb5 Nxf3 31. Qe8+ Kg7 32. Qd7+ 1-0

[Event "SE-2017-0-00254"]
[Site "LSS email"]
[Date "2017.07.30"]
[Round "?"]
[White "Nouveau, Laurent"]
[Black "Casser, Aaron"]
[Result "1-0"]
[WhiteElo "1633"]
[BlackElo "1464"]
[PlyCount "77"]
[EventDate "2017.05.16"]
[EventType "tourn (corr)"]
[EventRounds "6"]
[EventCountry "GER"]
[SourceTitle "Corr 2022"]
[Source "ChessBase"]
[SourceDate "2021.10.24"]
[SourceVersion "1"]
[SourceVersionDate "2021.10.24"]
[SourceQuality "1"]

1. d4 Nf6 2. c4 g6 3. Nc3 d5 4. Qb3 dxc4 5. Qxc4 Bg7 6. e4 0-0 7. Be2 c6 8. Nf3 a5 9. 0-0 Na6 10. Bf4 Be6 11. Qd3 Bg4 12. Rad1 Nb4 13. Qe3 Nh5 14. Bh6 f5 15. exf5 Bxf5 16. Bc4+ Nd5 17. Bxg7 Nxg7 18. Qh6 Ne8 19. Ng5 Nef6 20. f3 b5 21. Bxd5+ cxd5 22. Rfe1 Ra7 23. g4 Bc8 24. Nxb5 Rb7 25. Re6 Qd7 26. Rde1 Qxb5 27. Rxe7 Rf7 28. Nxf7 Rxe7 29. Rxe7 Ba6 30. Qc1 Kf8 31. Nd6 Qd3 32. Re3 Qxd4 33. Kg2 Kg7 34. Re7+ Kf8 35. Re6 Kg8 36. g5 Nd7 37. Re8+ Nf8 38. Qe1 Qxb2+ 39. Kg3 1-0

[Event "RE-2017-0-00188"]
[Site "LSS email"]
[Date "2017.06.10"]
[Round "?"]
[White "Raluy, Marcos"]
[Black "Casser, Aaron"]
[Result "1-0"]
[WhiteElo "1468"]
[BlackElo "1473"]
[PlyCount "79"]
[EventDate "2017.03.30"]
[EventType "tourn (corr)"]
[EventRounds "6"]
[EventCountry "GER"]
[SourceTitle "Corr 2022"]
[Source "ChessBase"]
[SourceDate "2021.10.24"]
[SourceVersion "1"]
[SourceVersionDate "2021.10.24"]
[SourceQuality "1"]

1. d4 Nf6 2. c4 g6 3. Nc3 d5 4. cxd5 Nxd5 5. e4 Nxc3 6. bxc3 Bg7 7. h4 c5 8. Nf3 cxd4 9. cxd4 Nc6 10. Be3 Bg4 11. d5 Bxf3 12. gxf3 Bc3+ 13. Bd2 Qa5 14. Rc1 Bxd2+ 15. Qxd2 Qxd2+ 16. Kxd2 Na5 17. Bh3 0-0 18. Rc7 Rfe8 19. Rhc1 b6 20. Kc3 Rab8 21. Rxa7 Rb7 22. Rxb7 Nxb7 23. Rb1 Nc5 24. Kd4 Rb8 25. Rb4 Kg7 26. f4 f6 27. e5 f5 28. Bg2 Kf8 29. h5 Ke8 30. hxg6 hxg6 31. a4 Na6 32. Rb1 Kd7 33. Rh1 b5 34. a5 b4 35. d6 exd6 36. Rh7+ Ke8 37. Bb7 dxe5+ 38. Kc4 Kf8 39. Bxa6 Kg8 40. Rb7 1-0